[Event "ROM-chT2"]
[Site "Mamaia"]
[Date "2015.10.10"]
[Round "8.4"]
[White "Petrescu, Georgian Dorin"]
[Black "Lazar, Dorin"]
[Result "1-0"]
[WhiteElo "2087"]
[BlackElo "2090"]
[PlyCount "109"]
[EventDate "2015.10.03"]
[EventType "team-tourn"]
[EventRounds "9"]
[EventCountry "ROU"]
[SourceTitle "CBM 169 Extra"]
[Source "ChessBase"]
[SourceDate "2015.12.18"]
[SourceVersion "1"]
[SourceVersionDate "2015.12.18"]
[SourceQuality "1"]
[WhiteTeam "Brasov CSU"]
[BlackTeam "Timisoara Sinandrei"]
[WhiteTeamCountry "ROU"]
[BlackTeamCountry "ROU"]

1. d4 Nf6 2. c4 d6 3. Nf3 c6 4. Nc3 Nbd7 5. e4 e5 6. Be2 Be7 7. 0-0 0-0 8. Qc2 Re8 9. Rd1 Qc7 10. h3 Bf8 11. Be3 a6 12. a4 a5 13. Nh4 g6 14. g3 exd4 15. Bxd4 Bg7 16. f4 Nf8 17. Kh2 Ne6 18. Be3 Nd7 19. Rd2 Nec5 20. Bf3 Na6 21. Rad1 Nb4 22. Qb1 Bf8 23. Bd4 Nc5 24. b3 Ne6 25. Bf6 Nc5 26. Ne2 Nd7 27. Ba1 Be7 28. Ng2 Ra6 29. g4 h6 30. h4 Ra8 31. g5 h5 32. Ng3 Bf8 33. Qb2 Ne5 34. fxe5 dxe5 35. Nf4 Bc5 36. Nfxh5 gxh5 37. Nxh5 Bd4 38. Rxd4 exd4+ 39. Kg2 c5 40. Nf6+ Kf8 41. Nxe8 Kxe8 42. Qf2 Be6 43. Bb2 Kd7 44. Qg3 Rh8 45. Bc1 Qxg3+ 46. Kxg3 b6 47. Bf4 Nc6 48. Bg4 Bxg4 49. Kxg4 Ke6 50. Rf1 d3 51. Bc7 Rc8 52. Rf6+ Kd7 53. Bf4 Ke7 54. Rd6 Rd8 55. Rxc6 1-0

[Event "ROM-chT2"]
[Site "Mamaia"]
[Date "2015.10.08"]
[Round "6.4"]
[White "Balla, Tamas Kristof"]
[Black "Lazar, Dorin"]
[Result "1-0"]
[WhiteElo "2342"]
[BlackElo "2090"]
[PlyCount "93"]
[EventDate "2015.10.03"]
[EventType "team-tourn"]
[EventRounds "9"]
[EventCountry "ROU"]
[SourceTitle "CBM 169 Extra"]
[Source "ChessBase"]
[SourceDate "2015.12.18"]
[SourceVersion "1"]
[SourceVersionDate "2015.12.18"]
[SourceQuality "1"]
[WhiteTeam "Arad Vados"]
[BlackTeam "Timisoara Sinandrei"]
[WhiteTeamCountry "ROU"]
[BlackTeamCountry "ROU"]

1. d4 Nf6 2. c4 d6 3. Nc3 Nbd7 4. e4 e5 5. d5 c6 6. Be3 Qc7 7. f3 Be7 8. Nh3 h6 9. Qd2 a6 10. Rc1 a5 11. Be2 Nc5 12. Nf2 Qd8 13. g3 Nh7 14. 0-0 0-0 15. f4 Nd7 16. Nd3 Bf6 17. c5 exf4 18. gxf4 Bxc3 19. Rxc3 cxd5 20. exd5 dxc5 21. Nxc5 Nhf6 22. Bf3 Re8 23. d6 Nxc5 24. Bxc5 Ne4 25. Bxe4 Rxe4 26. Re1 Rxe1+ 27. Qxe1 b6 28. Qe7 Be6 29. Bd4 Qxe7 30. dxe7 b5 31. Re3 Re8 32. a3 Bc4 33. b3 Bd5 34. Bb6 f5 35. Bxa5 Be4 36. Bd8 Kf7 37. Rg3 Kf6 38. h4 g6 39. Kf2 Kf7 40. Ke3 Bc6 41. Kd4 Rg8 42. Ke5 Be8 43. Rg2 Bd7 44. Rd2 Be8 45. Rd6 Kg7 46. Rf6 Rh8 47. Bb6 1-0

[Event "ROM-chT2"]
[Site "Mamaia"]
[Date "2015.10.07"]
[Round "5.4"]
[White "Lazar, Dorin"]
[Black "Helmer, Janos"]
[Result "0-1"]
[WhiteElo "2090"]
[BlackElo "2104"]
[PlyCount "142"]
[EventDate "2015.10.03"]
[EventType "team-tourn"]
[EventRounds "9"]
[EventCountry "ROU"]
[SourceTitle "CBM 169 Extra"]
[Source "ChessBase"]
[SourceDate "2015.12.18"]
[SourceVersion "1"]
[SourceVersionDate "2015.12.18"]
[SourceQuality "1"]
[WhiteTeam "Timisoara Sinandrei"]
[BlackTeam "Cluj Napoca"]
[WhiteTeamCountry "ROU"]
[BlackTeamCountry "ROU"]

1. c4 c5 2. Nf3 Nf6 3. Nc3 g6 4. g3 b6 5. Bg2 Bb7 6. 0-0 Bg7 7. Rb1 0-0 8. a3 d6 9. d3 Nbd7 10. Bd2 Rc8 11. e4 Re8 12. Ne1 Qc7 13. f4 a6 14. g4 Nf8 15. h4 Ne6 16. Bh3 Nd4 17. h5 e6 18. Rf2 Rcd8 19. Rh2 Nd7 20. Bg2 b5 21. Be3 Rb8 22. cxb5 axb5 23. g5 Bc6 24. Ne2 Nxe2+ 25. Qxe2 b4 26. axb4 Rxb4 27. h6 Bh8 28. Nc2 Rb3 29. Na1 Rb7 30. Bf1 Ra8 31. Qd1 Ra2 32. b3 Rxh2 33. Kxh2 Qa5 34. Kg3 f6 35. Bh3 f5 36. b4 Rxb4 37. Nc2 Ba4 38. Rxb4 cxb4 39. Qb1 b3 40. Na3 Qc3 41. exf5 exf5 42. Bg2 Kf8 43. Bd5 Nc5 44. Bc4 b2 45. Bxc5 dxc5 46. Qh1 Be8 47. Qd5 Qe1+ 48. Kf3 Bd4 49. Qd6+ Qe7 50. Qxe7+ Kxe7 51. Ba2 Bf7 52. Bb1 Bd5+ 53. Ke2 Kd7 54. Nb5 Bh8 55. Kd2 Kc6 56. Nc3 Bb3 57. Ne2 Kb5 58. Nc3+ Kb4 59. Na2+ Ka3 60. Nc3 Kb4 61. Ne2 Bd4 62. Ng3 Bf2 63. Ne2 Be6 64. Kc2 Ka3 65. Kd2 Kb3 66. Nc3 Be1+ 67. Kxe1 Kxc3 68. Ke2 Kd4 69. Kd2 Bd7 70. Bc2 Bc6 71. Bb1 c4 0-1

[Event "ROM-chT2"]
[Site "Mamaia"]
[Date "2015.10.06"]
[Round "4.4"]
[White "Patrascu, Catalin Lucian"]
[Black "Lazar, Dorin"]
[Result "1-0"]
[WhiteElo "2236"]
[BlackElo "2090"]
[PlyCount "90"]
[EventDate "2015.10.03"]
[EventType "team-tourn"]
[EventRounds "9"]
[EventCountry "ROU"]
[SourceTitle "CBM 169 Extra"]
[Source "ChessBase"]
[SourceDate "2015.12.18"]
[SourceVersion "1"]
[SourceVersionDate "2015.12.18"]
[SourceQuality "1"]
[WhiteTeam "Buzau Pheonix"]
[BlackTeam "Timisoara Sinandrei"]
[WhiteTeamCountry "ROU"]
[BlackTeamCountry "ROU"]

1. e4 d6 2. d4 Nf6 3. Nc3 c6 4. f4 Qa5 5. Bd3 Qb6 6. Nf3 Bg4 7. Be2 e6 8. e5 Nd5 9. Ne4 dxe5 10. fxe5 h6 11. 0-0 Bf5 12. Ng3 Bh7 13. c4 Nb4 14. c5 Qc7 15. Ne1 Nd7 16. a3 Nd5 17. Bh5 g6 18. Be2 f5 19. exf6 N7xf6 20. Nd3 Bg7 21. Nf4 Qd7 22. Nxd5 exd5 23. Bf4 0-0 24. Be5 h5 25. h4 Rae8 26. a4 Re6 27. Ra3 Rfe8 28. Raf3 Ng4 29. Rf7 Qxf7 30. Rxf7 Kxf7 31. Bxg4 hxg4 32. Qxg4 Bxe5 33. dxe5 Rxe5 34. Kh2 R8e6 35. b4 a6 36. Qf4+ Kg7 37. Qd4 Kg8 38. Qf4 Kg7 39. Qd4 Bg8 40. Ne2 Kh7 41. Nf4 Re7 42. Nh3 Bf7 43. Ng5+ Kg8 44. Qf4 Re2 45. Qf6 R2e5 1-0

[Event "ROM-chT2"]
[Site "Mamaia"]
[Date "2015.10.05"]
[Round "3.4"]
[White "Lazar, Dorin"]
[Black "Suciu, Dinu Simi"]
[Result "1/2-1/2"]
[WhiteElo "2090"]
[BlackElo "2202"]
[PlyCount "69"]
[EventDate "2015.10.03"]
[EventType "team-tourn"]
[EventRounds "9"]
[EventCountry "ROU"]
[SourceTitle "CBM 169 Extra"]
[Source "ChessBase"]
[SourceDate "2015.12.18"]
[SourceVersion "1"]
[SourceVersionDate "2015.12.18"]
[SourceQuality "1"]
[WhiteTeam "Timisoara Sinandrei"]
[BlackTeam "Resita Muncitorul"]
[WhiteTeamCountry "ROU"]
[BlackTeamCountry "ROU"]

1. Nf3 d5 2. d3 Nf6 3. c3 c6 4. Nbd2 Bf5 5. Qb3 Qc7 6. Nh4 Bg6 7. g3 Nbd7 8. Nxg6 hxg6 9. d4 e5 10. Bg2 Bd6 11. a4 exd4 12. cxd4 0-0 13. 0-0 Rfe8 14. Qd3 Nf8 15. e4 dxe4 16. Nxe4 Nxe4 17. Bxe4 Ne6 18. Bg2 Rad8 19. Be3 Be5 20. d5 cxd5 21. Qb5 Qb8 22. Rad1 d4 23. Bc1 Re7 24. f4 Bf6 25. g4 Red7 26. g5 Be7 27. f5 a6 28. Qb3 gxf5 29. g6 Qd6 30. gxf7+ Kf8 31. Rxf5 Bf6 32. Re1 d3 33. Rxe6 d2 34. Bxd2 Qxd2 35. Rf1 1/2-1/2

[Event "ROM-chT"]
[Site "Calimanesti"]
[Date "2014.11.12"]
[Round "5.4"]
[White "Lazar, Dorin"]
[Black "Ionescu, Mihai"]
[Result "0-1"]
[WhiteElo "2108"]
[BlackElo "2321"]
[PlyCount "64"]
[EventDate "2014.11.08"]
[EventType "team-tourn"]
[EventRounds "9"]
[EventCountry "ROU"]
[SourceTitle "EXT 2015"]
[Source "ChessBase"]
[SourceDate "2014.11.20"]
[SourceVersion "1"]
[SourceVersionDate "2014.11.20"]
[SourceQuality "1"]
[WhiteTeam "Timisoara Sinandrei"]
[BlackTeam "Oltenia Craiova"]
[WhiteTeamCountry "ROU"]
[BlackTeamCountry "ROU"]

1. Nf3 d5 2. d3 Nf6 3. c3 c5 4. Nbd2 Nc6 5. e4 e5 6. Be2 Be7 7. 0-0 0-0 8. Re1 Be6 9. Bf1 d4 10. g3 Nd7 11. a3 b5 12. c4 a6 13. b3 Rb8 14. Bg2 Qc7 15. Nf1 a5 16. Ng5 Bxg5 17. Bxg5 a4 18. cxb5 Bxb3 19. bxc6 Bxd1 20. cxd7 f6 21. Rexd1 fxg5 22. Bh3 h5 23. Be6+ Kh8 24. Nd2 Rf6 25. Bd5 Qxd7 26. Nc4 Qe7 27. Rab1 Rff8 28. Rxb8 Rxb8 29. h3 Qf6 30. Kg2 Rf8 31. Rd2 h4 32. g4 Qf3+ 0-1

[Event "ROM-chT"]
[Site "Calimanesti"]
[Date "2014.11.10"]
[Round "3.5"]
[White "Voiteanu, Christian Gabriel"]
[Black "Lazar, Dorin"]
[Result "0-1"]
[WhiteElo "2213"]
[BlackElo "2108"]
[PlyCount "87"]
[EventDate "2014.11.08"]
[EventType "team-tourn"]
[EventRounds "9"]
[EventCountry "ROU"]
[SourceTitle "EXT 2015"]
[Source "ChessBase"]
[SourceDate "2014.11.20"]
[SourceVersion "1"]
[SourceVersionDate "2014.11.20"]
[SourceQuality "1"]
[WhiteTeam "Ploiesti CSU"]
[BlackTeam "Timisoara Sinandrei"]
[WhiteTeamCountry "ROU"]
[BlackTeamCountry "ROU"]

1. d4 Nf6 2. g3 d6 3. Bg2 c6 4. e4 Nbd7 5. Ne2 e5 6. 0-0 Be7 7. c4 0-0 8. Nbc3 a6 9. a4 a5 10. f4 Re8 11. c5 exd4 12. cxd6 Bxd6 13. Nxd4 Bc5 14. Kh1 Nf8 15. Nb3 Qxd1 16. Rxd1 Bb6 17. h3 Be6 18. Nd4 Bc4 19. e5 N6d7 20. Ne4 Red8 21. Nd6 Ba6 22. Be3 Bc5 23. Ne4 Ba7 24. Rac1 Nb6 25. Nf5 Ne6 26. Nc5 Nc4 27. Nxe6 Rxd1+ 28. Rxd1 Nxe3 29. Ne7+ Kh8 30. Rd8+ Rxd8 31. Nxd8 g6 32. Nxf7+ Kg7 33. Ng5 Bc4 34. Bf3 Bd4 35. Ne4 Bxb2 36. Nd6 Ba6 37. Nec8 Kf8 38. e6 Bf6 39. g4 Be7 40. Ne4 h5 41. Nxe7 Kxe7 42. Kg1 b5 43. axb5 cxb5 44. Kf2 0-1

[Event "ROM-chT"]
[Site "Calimanesti"]
[Date "2014.11.09"]
[Round "2.1"]
[White "Lazar, Dorin"]
[Black "Soltanici, Ruslan"]
[Result "0-1"]
[WhiteElo "2108"]
[BlackElo "2351"]
[PlyCount "78"]
[EventDate "2014.11.08"]
[EventType "team-tourn"]
[EventRounds "9"]
[EventCountry "ROU"]
[SourceTitle "EXT 2015"]
[Source "ChessBase"]
[SourceDate "2014.11.20"]
[SourceVersion "1"]
[SourceVersionDate "2014.11.20"]
[SourceQuality "1"]
[WhiteTeam "Timisoara Sinandrei"]
[BlackTeam "Galati"]
[WhiteTeamCountry "ROU"]
[BlackTeamCountry "ROU"]

1. c4 e5 2. Nc3 Nf6 3. Nf3 Nc6 4. d4 exd4 5. Nxd4 Bb4 6. Bg5 h6 7. Bh4 0-0 8. Rc1 g5 9. Bg3 Ne4 10. e3 Bxc3+ 11. bxc3 d6 12. Qh5 Kg7 13. Bd3 Re8 14. 0-0 Nf6 15. Qd1 Ne5 16. Bf5 c5 17. Bxc8 Qxc8 18. Nb5 Nxc4 19. Qe2 a6 20. Nxd6 Nxd6 21. Bxd6 Ne4 22. Bg3 Qe6 23. c4 f6 24. Rc2 Rad8 25. Bc7 Rd7 26. Ba5 b6 27. Be1 Red8 28. f3 Nd6 29. h4 Nf5 30. hxg5 hxg5 31. Bf2 Qe5 32. Re1 Ne7 33. f4 Qe4 34. Rb2 Rd6 35. fxg5 fxg5 36. Bg3 Rh6 37. Qc2 Qxc2 38. Rxc2 Rd7 39. Be5+ Kf7 0-1

[Event "ROM-chT2"]
[Site "Olanesti"]
[Date "2013.10.19"]
[Round "8.6"]
[White "Bacila, Mihai"]
[Black "Lazar, Dorin"]
[Result "1/2-1/2"]
[WhiteElo "1690"]
[BlackElo "2113"]
[PlyCount "57"]
[EventDate "2013.10.12"]
[EventType "team-tourn"]
[EventRounds "9"]
[EventCountry "ROU"]
[SourceTitle "EXT 2014"]
[Source "ChessBase"]
[SourceDate "2013.11.20"]
[SourceVersion "1"]
[SourceVersionDate "2013.11.20"]
[SourceQuality "1"]
[WhiteTeam "Deva"]
[BlackTeam "Timis Sinandrei"]
[WhiteTeamCountry "ROU"]
[BlackTeamCountry "ROU"]

1. d4 Nf6 2. c4 d6 3. Nc3 Nbd7 4. e4 e5 5. Nf3 c6 6. Be2 Qc7 7. 0-0 Be7 8. Be3 0-0 9. Nd2 a6 10. a4 a5 11. f4 Re8 12. Nb3 exd4 13. Bxd4 b6 14. Qc2 Ba6 15. Rae1 Nf8 16. Bd3 N6d7 17. g4 Nc5 18. Nxc5 bxc5 19. Be3 Rad8 20. g5 Ne6 21. Qg2 Nd4 22. f5 f6 23. Kh1 fxg5 24. Bxg5 Bxg5 25. Qxg5 Re5 26. Qg4 Rf8 27. Re3 Bc8 28. Rh3 Rf6 29. Ne2 1/2-1/2

[Event "ROM-chT2"]
[Site "Olanesti"]
[Date "2013.10.17"]
[Round "6.5"]
[White "Lazar, Dorin"]
[Black "Porumb, Alecu"]
[Result "1-0"]
[WhiteElo "2113"]
[BlackElo "1693"]
[PlyCount "89"]
[EventDate "2013.10.12"]
[EventType "team-tourn"]
[EventRounds "9"]
[EventCountry "ROU"]
[SourceTitle "EXT 2014"]
[Source "ChessBase"]
[SourceDate "2013.11.20"]
[SourceVersion "1"]
[SourceVersionDate "2013.11.20"]
[SourceQuality "1"]
[WhiteTeam "Timis Sinandrei"]
[BlackTeam "Targoviste University"]
[WhiteTeamCountry "ROU"]
[BlackTeamCountry "ROU"]

1. c4 c5 2. Nf3 Nf6 3. g3 g6 4. Bg2 Bg7 5. 0-0 0-0 6. Nc3 Nc6 7. d4 cxd4 8. Nxd4 a6 9. c5 e5 10. Nb3 Re8 11. Na4 Qe7 12. Nb6 Rb8 13. Bg5 h6 14. Be3 Rd8 15. Qd6 Qxd6 16. cxd6 Kh7 17. Rfd1 Re8 18. Rac1 Bf8 19. Bh3 Kg7 20. Kf1 Ne4 21. Bxd7 Bxd7 22. Nxd7 Rbd8 23. Nxf8 Rxf8 24. f3 Nf6 25. Bb6 Rb8 26. d7 e4 27. Bc7 Ra8 28. Rxc6 Nxd7 29. Rcc1 Nb8 30. fxe4 Nc6 31. e5 Rfe8 32. Rd7 Nxe5 33. Bxe5+ Rxe5 34. Rcc7 Rf5+ 35. Ke1 b5 36. Nd4 Rf6 37. a3 h5 38. h4 Re8 39. Re7 Rxe7 40. Rxe7 Rd6 41. e3 Kf6 42. Rc7 Kg7 43. Ke2 Rb6 44. b4 Kg8 45. Rc6 1-0

[Event "ROM-chT2"]
[Site "Olanesti"]
[Date "2013.10.15"]
[Round "4.5"]
[White "Lazar, Dorin"]
[Black "Anuta, Laurentiu"]
[Result "1/2-1/2"]
[WhiteElo "2113"]
[BlackElo "2026"]
[PlyCount "127"]
[EventDate "2013.10.12"]
[EventType "team-tourn"]
[EventRounds "9"]
[EventCountry "ROU"]
[SourceTitle "EXT 2014"]
[Source "ChessBase"]
[SourceDate "2013.11.20"]
[SourceVersion "1"]
[SourceVersionDate "2013.11.20"]
[SourceQuality "1"]
[WhiteTeam "Timis Sinandrei"]
[BlackTeam "Ploiesti Conpet"]
[WhiteTeamCountry "ROU"]
[BlackTeamCountry "ROU"]

1. c4 g6 2. Nf3 Bg7 3. g3 Nf6 4. Bg2 0-0 5. 0-0 d6 6. d4 c6 7. Nc3 Bf5 8. Nh4 Be6 9. d5 Bd7 10. h3 h6 11. e4 Qc8 12. Kh2 g5 13. Nf5 Bxf5 14. exf5 Qxf5 15. g4 Qc8 16. f4 Nh7 17. Be4 gxf4 18. Bxf4 Nd7 19. Bf5 Qd8 20. Qd2 Ne5 21. Rae1 Ng5 22. Qe2 e6 23. Bb1 f5 24. gxf5 exf5 25. Rf2 Qe7 26. Bxg5 Qxg5 27. Rg1 Qh4 28. Bxf5 Kh8 29. Ne4 Rad8 30. b3 cxd5 31. cxd5 Rf7 32. Rgf1 Nd7 33. Kg2 Be5 34. Bg4 Rxf2+ 35. Qxf2 Qxf2+ 36. Rxf2 Kg7 37. Be6 Nf6 38. Nd2 Bd4 39. Rf3 Ne8 40. Rf7+ Kg6 41. Rxb7 Ng7 42. Nf3 Bb6 43. Nd2 Nxe6 44. dxe6 d5 45. e7 Re8 46. Rd7 Kf7 47. Rxd5 Rxe7 48. Nc4 Re2+ 49. Kf3 Rxa2 50. Nxb6 axb6 51. Rd6 b5 52. Rb6 Rh2 53. Kg3 Rd2 54. Rxb5 Kg6 55. Rb4 Kh5 56. Rh4+ Kg5 57. Rf4 Rd1 58. Rf3 Rd2 59. Rc3 Kf5 60. Kh4 Rd6 61. Rc4 Rd3 62. b4 Rb3 63. Rc5+ Kf6 64. Rb5 1/2-1/2

[Event "ROM-chT Div-A"]
[Site "Slanic Moldova"]
[Date "2011.10.04"]
[Round "2"]
[White "Vasile, Claudiu Daniel"]
[Black "Lazar, Dorin"]
[Result "1-0"]
[WhiteElo "1997"]
[BlackElo "2164"]
[PlyCount "59"]
[EventDate "2011.10.03"]
[EventType "team-tourn"]
[EventRounds "9"]
[EventCountry "ROU"]
[SourceTitle "CBM 144 Extra"]
[Source "ChessBase"]
[SourceDate "2011.10.28"]
[SourceVersion "1"]
[SourceVersionDate "2011.10.28"]
[SourceQuality "1"]

1. e4 e6 2. d4 d5 3. Nc3 Bb4 4. e5 c5 5. a3 Bxc3+ 6. bxc3 Ne7 7. Qg4 Qc7 8. Qxg7 Rg8 9. Qxh7 cxd4 10. Ne2 Nbc6 11. f4 Bd7 12. Qd3 dxc3 13. Nxc3 a6 14. Rb1 Nf5 15. g3 Na5 16. Bh3 Ne7 17. Ne2 Nc4 18. Nd4 0-0-0 19. Bd2 Nxd2 20. Qxd2 Rh8 21. Bg2 Nc6 22. Nb3 Nb8 23. 0-0 Bb5 24. Rf3 Bc4 25. Na5 b6 26. Nxc4 dxc4 27. Qf2 Nd7 28. Rc3 Kb8 29. Bf1 b5 30. Rxc4 1-0

[Event "Wattens op 12th"]
[Site "Wattens"]
[Date "1997.??.??"]
[Round "?"]
[White "Lazar, Dorin"]
[Black "Grab, Ratko"]
[Result "1-0"]
[WhiteElo "2170"]
[BlackElo "2040"]
[PlyCount "61"]
[EventDate "1997.??.??"]
[EventType "swiss"]
[EventRounds "9"]
[EventCountry "AUT"]
[SourceTitle "EXT 2000"]
[Source "ChessBase"]
[SourceDate "1999.11.16"]
[SourceVersion "1"]
[SourceVersionDate "1999.11.16"]
[SourceQuality "1"]

1. c4 Nf6 2. Nf3 g6 3. d4 Bg7 4. g3 0-0 5. Bg2 c5 6. Nc3 cxd4 7. Nxd4 Nc6 8. 0-0 a6 9. c5 Qc7 10. Na4 Ne8 11. Be3 d6 12. Nb6 Rb8 13. Rc1 dxc5 14. Nxc6 bxc6 15. Nxc8 Qxc8 16. b3 Nd6 17. Rxc5 Rd8 18. Rxc6 Qg4 19. Bb6 Rd7 20. e3 Qb4 21. Bc7 Rb5 22. Qc2 Nf5 23. Rxa6 Rc5 24. Ra8+ Bf8 25. Qb2 f6 26. a3 Qd2 27. Qxd2 Rxd2 28. Bb6 Rcc2 29. Ba5 Nxe3 30. Bxd2 Nxf1 31. Bh6 1-0

[Event "Wattens op 12th"]
[Site "Wattens"]
[Date "1997.??.??"]
[Round "?"]
[White "Lazar, Dorin"]
[Black "Kondrak, Christof"]
[Result "0-1"]
[WhiteElo "2170"]
[BlackElo "2095"]
[PlyCount "80"]
[EventDate "1997.??.??"]
[EventType "swiss"]
[EventRounds "9"]
[EventCountry "AUT"]
[SourceTitle "EXT 2000"]
[Source "ChessBase"]
[SourceDate "1999.11.16"]
[SourceVersion "1"]
[SourceVersionDate "1999.11.16"]
[SourceQuality "1"]

1. c4 c6 2. Nf3 d5 3. d4 e6 4. Nc3 dxc4 5. a4 Bb4 6. e3 Bxc3+ 7. bxc3 b5 8. Ne5 Qc7 9. Qg4 f6 10. Qh5+ g6 11. Nxg6 Qf7 12. Nf4 e5 13. Qxf7+ Kxf7 14. Ne2 a5 15. Bd2 Nd7 16. g3 Nb6 17. Bg2 Nxa4 18. Bxc6 Rb8 19. 0-0 Ne7 20. Be4 Bd7 21. f4 exd4 22. exd4 b4 23. Rfb1 b3 24. Ra3 Rhe8 25. Kf2 Kg7 26. Re1 Nc8 27. Bb1 Nd6 28. d5 Rb5 29. Nd4 Rxe1 30. Kxe1 Rxd5 31. Nxb3 cxb3 32. Rxb3 Nc4 33. Bc1 Nc5 34. Rb8 Bg4 35. Ba2 Rd1+ 36. Kf2 Rxc1 37. Bxc4 Rxc3 38. Rg8+ Kh6 39. Rxg4 Rxc4 40. Rh4+ Kg7 0-1

[Event "Wattens op 09th"]
[Site "Wattens"]
[Date "1994.??.??"]
[Round "6"]
[White "Lazar, Dorin"]
[Black "Hoellrigl, Wilfried"]
[Result "0-1"]
[WhiteElo "2210"]
[BlackElo "2220"]
[PlyCount "92"]
[EventDate "1994.??.??"]
[EventType "swiss"]
[EventRounds "9"]
[EventCountry "AUT"]
[SourceTitle "EXT 2000"]
[Source "ChessBase"]
[SourceDate "1999.11.16"]
[SourceVersion "1"]
[SourceVersionDate "1999.11.16"]
[SourceQuality "1"]

1. c4 Nf6 2. Nf3 g6 3. g3 Bg7 4. Bg2 0-0 5. 0-0 d6 6. d4 Nbd7 7. Nc3 c6 8. h3 e5 9. e4 Qb6 10. Re1 exd4 11. Nxd4 Re8 12. Re2 Qb4 13. Rc2 a5 14. Bd2 Qb6 15. Be3 Qc7 16. Rac1 Nc5 17. Ndb5 cxb5 18. Nxb5 Qe7 19. Nxd6 Ncxe4 20. Nxe8 Qxe8 21. Re2 Qf8 22. Bf4 g5 23. Be5 Bf5 24. Qd4 Rd8 25. Qb6 Nd7 26. Bxg7 Kxg7 27. Qxa5 Ndc5 28. Rce1 Nf6 29. Re5 b6 30. Qc3 Rd3 31. Qc1 Bg6 32. Qxg5 h6 33. Qh4 Rd2 34. R5e2 Qd6 35. Bd5 Rxe2 36. Rxe2 Nxd5 37. Qd4+ Qf6 38. Qxd5 Kh7 39. b4 Ne6 40. Qe5 Qe7 41. a3 Qd7 42. Qd5 Qa4 43. Qf3 Qd1+ 44. Kh2 Ng5 45. Qe3 Be4 46. Re1 Nf3+ 0-1

[Event "ROM-chT"]
[Site "Romania"]
[Date "1993.??.??"]
[Round "9"]
[White "Lazar, Dorin"]
[Black "Mititelu, Gheorghe"]
[Result "1/2-1/2"]
[WhiteElo "2240"]
[BlackElo "2325"]
[PlyCount "73"]
[EventDate "1993.??.??"]
[EventType "team"]
[EventRounds "9"]
[EventCountry "ROU"]
[SourceTitle "EXT 1998"]
[Source "ChessBase"]
[SourceDate "1997.11.17"]
[SourceVersion "1"]
[SourceVersionDate "1997.11.17"]
[SourceQuality "1"]

1. c4 e6 2. Nf3 Nf6 3. Nc3 d5 4. d4 Bb4 5. Qc2 Nc6 6. a3 Bxc3+ 7. Qxc3 a5 8. b3 Bd7 9. e3 Ne4 10. Qc2 0-0 11. Bb2 f5 12. Bd3 Be8 13. 0-0 Bh5 14. Ne1 Ne7 15. Rc1 c6 16. f3 Nd6 17. g3 g5 18. Ng2 Bg6 19. Rf2 Qd7 20. c5 Nf7 21. h4 h6 22. g4 Kg7 23. h5 Bh7 24. Re1 Nh8 25. e4 fxe4 26. fxe4 Rxf2 27. Qxf2 Rf8 28. Qg3 Nf7 29. e5 Bxd3 30. Qxd3 Nd8 31. Bc3 a4 32. b4 Qe8 33. Rf1 Rxf1+ 34. Qxf1 Qf7 35. Qd1 Kf8 36. Bd2 Qh7 37. Qf3+ 1/2-1/2

[Event "ROM-chT"]
[Site "Romania"]
[Date "1993.??.??"]
[Round "5"]
[White "Lazar, Dorin"]
[Black "Stefanov, Plamen"]
[Result "1/2-1/2"]
[WhiteElo "2240"]
[BlackElo "2310"]
[PlyCount "82"]
[EventDate "1993.??.??"]
[EventType "team"]
[EventRounds "9"]
[EventCountry "ROU"]
[SourceTitle "EXT 1998"]
[Source "ChessBase"]
[SourceDate "1997.11.17"]
[SourceVersion "1"]
[SourceVersionDate "1997.11.17"]
[SourceQuality "1"]

1. c4 e6 2. Nf3 c5 3. e3 Nf6 4. b3 Be7 5. Bb2 0-0 6. Be2 b6 7. 0-0 Bb7 8. d3 Nc6 9. Nbd2 d5 10. d4 cxd4 11. Nxd4 Rc8 12. Rc1 Qd6 13. cxd5 Nxd5 14. Nc4 Qb8 15. Nxc6 Rxc6 16. Bf3 Rfc8 17. Qe2 Ba6 18. Rfd1 h6 19. h3 Qc7 20. Be4 Bxc4 21. bxc4 Rxc4 22. Rxc4 Qxc4 23. Qg4 Nf6 24. Bxf6 Bxf6 25. Bb1 Qxg4 26. hxg4 Kf8 27. Bd3 Rc5 28. Kf1 b5 29. Rb1 a6 30. Ke2 Ke7 31. Rb3 Kd6 32. a4 Kc6 33. axb5+ axb5 34. Ra3 Kb6 35. Ra8 Rg5 36. Rb8+ Ka5 37. Rb7 b4 38. f3 h5 39. f4 Rxg4 40. Kf3 Bh4 41. Bc4 Ka4 1/2-1/2

[Event "ROM-chT"]
[Site "Romania"]
[Date "1993.??.??"]
[Round "4"]
[White "Manole, Vasile"]
[Black "Lazar, Dorin"]
[Result "1-0"]
[WhiteElo "2270"]
[BlackElo "2240"]
[PlyCount "82"]
[EventDate "1993.??.??"]
[EventType "team"]
[EventRounds "9"]
[EventCountry "ROU"]
[SourceTitle "EXT 1998"]
[Source "ChessBase"]
[SourceDate "1997.11.17"]
[SourceVersion "1"]
[SourceVersionDate "1997.11.17"]
[SourceQuality "1"]

1. e4 e6 2. d4 d5 3. exd5 exd5 4. Bd3 Bd6 5. Nf3 Ne7 6. 0-0 Bf5 7. Bxf5 Nxf5 8. Qd3 Qc8 9. Nc3 c6 10. Re1+ Ne7 11. Bg5 f6 12. Bh4 0-0 13. Bg3 Nf5 14. Re2 Nxg3 15. hxg3 Nd7 16. Rae1 Rf7 17. Nd1 Bf8 18. Ne3 Nb6 19. g4 Nc4 20. g5 Nxb2 21. Qb3 Nc4 22. Nxc4 dxc4 23. Qxc4 Qd7 24. gxf6 gxf6 25. Qd3 Rd8 26. c4 a5 27. a4 Bb4 28. Rd1 Kf8 29. Qe3 Qf5 30. Qd3 Qxd3 31. Rxd3 b5 32. axb5 cxb5 33. cxb5 Rb7 34. Re6 Kf7 35. Ra6 Rxb5 36. Ra7+ Kg8 37. Re3 Rbd5 38. Re6 Rf8 39. g3 Rf7 40. Raa6 Kg7 41. Kg2 Bc3 1-0

[Event "ROM-chT"]
[Site "Romania"]
[Date "1992.??.??"]
[Round "?"]
[White "Demian, Valer Eugen"]
[Black "Lazar, Dorin"]
[Result "1/2-1/2"]
[WhiteElo "2420"]
[BlackElo "2235"]
[PlyCount "56"]
[EventDate "1992.??.??"]
[EventType "team"]
[EventRounds "9"]
[EventCountry "ROU"]
[SourceTitle "EXT 1997"]
[Source "ChessBase"]
[SourceDate "1996.11.15"]
[SourceVersion "1"]
[SourceVersionDate "1996.11.15"]
[SourceQuality "1"]

1. d4 Nf6 2. c4 d6 3. Nc3 c6 4. e4 Nbd7 5. f3 e5 6. Nge2 Be7 7. Be3 0-0 8. d5 a6 9. Nc1 Nh5 10. Qd2 g6 11. Bd3 Nc5 12. b4 Nxd3+ 13. Nxd3 a5 14. b5 c5 15. a4 f5 16. 0-0-0 b6 17. Rdf1 Ra7 18. Rhg1 Kh8 19. Kc2 Nf6 20. Qd1 fxe4 21. Nxe4 Bf5 22. Ndf2 Ng8 23. Kb3 h6 24. Qd2 Kh7 25. g4 Bc8 26. Nd1 Rf7 27. Ndc3 Qf8 28. Qg2 Bd7 1/2-1/2